|
|
|
|
| LEADER |
04750nam a2200769 4500 |
| 001 |
ocn908839087 |
| 003 |
OCoLC |
| 005 |
20170124071453.7 |
| 006 |
m o d |
| 007 |
cr ||||||||||| |
| 008 |
150511s2015 enk ob 011 0 eng |
| 010 |
|
|
|a 2015018884
|
| 040 |
|
|
|a DLC
|b eng
|e rda
|c DLC
|d YDX
|d N$T
|d YDXCP
|d DG1
|d OCLCF
|d IDEBK
|d CDX
|d OCL
|d DEBBG
|d GrThAP
|
| 019 |
|
|
|a 964539555
|a 964542812
|a 964543279
|a 964859178
|a 964909865
|a 964928210
|
| 020 |
|
|
|a 9781118635285 (epub)
|
| 020 |
|
|
|a 1118635280 (epub)
|
| 020 |
|
|
|a 9781118635155 (pdf)
|
| 020 |
|
|
|a 1118635159 (pdf)
|
| 020 |
|
|
|z 9781118635292 (cloth)
|
| 020 |
|
|
|a 9781118635261
|
| 020 |
|
|
|a 1118635264
|
| 029 |
1 |
|
|a GBVCP
|b 835763501
|
| 029 |
1 |
|
|a DEBBG
|b BV043397789
|
| 035 |
|
|
|a (OCoLC)908839087
|z (OCoLC)964539555
|z (OCoLC)964542812
|z (OCoLC)964543279
|z (OCoLC)964859178
|z (OCoLC)964909865
|z (OCoLC)964928210
|
| 042 |
|
|
|a pcc
|
| 050 |
0 |
0 |
|a PR434
|
| 072 |
|
7 |
|a LIT
|x 004120
|2 bisacsh
|
| 082 |
0 |
0 |
|a 820.9/004
|2 23
|
| 049 |
|
|
|a MAIN
|
| 245 |
0 |
2 |
|a A concise companion to the study of manuscripts, printed books, and the production of early modern texts :
|b a festschrift for Gordon Campbell /
|c edited by Edward Jones.
|
| 264 |
|
1 |
|a Chichester, West Sussex ;
|a Malden, MA :
|b John Wiley & Sons, Ltd,
|c 2015.
|
| 300 |
|
|
|a 1 online resource.
|
| 336 |
|
|
|a text
|2 rdacontent
|
| 337 |
|
|
|a computer
|2 rdamedia
|
| 338 |
|
|
|a online resource
|2 rdacarrier
|
| 490 |
1 |
|
|a Concise companions to literature and culture
|
| 504 |
|
|
|a Includes bibliographical references and index.
|
| 505 |
0 |
|
|a Stanford University's Cavendish manuscript : Wolsey, Elizabeth I, Shakespeare, and Milton / Elaine Treharne -- Texts presented to Elizabeth I on the university progresses / Sarah Knight -- Analysing a private library, with a shelf-list attributable to John Hales of Eton, c.1624 / William Poole -- Young Milton in his letters / John K. Hale -- The itinerant sibling : Christopher Milton in London and Suffolk / Edward Jones -- Milton, the attentive Mr Skinner, and the acts and discourses of friendship / Cedric C. Brown -- Printing the Gospels in Arabic in Rome in 1590 / Neil Harris -- Tyranny and tragicomedy in Milton's reading of The tempest / Karen L. Edwards -- The earliest Miltonists : Patrick Hume and John Toland / Thomas N. Corns -- The ghost of rhetoric : Milton's logic and the Renaissance trivium / Jameela Lares -- Misprinting Bartholomew Fair : Jonson and the absolute knave / John Creaser -- Reliquiae Baxterianae and the shaping of the seventeenth century / N.H. Keeble -- Marvell and the Dutch in 1665 / Martin Dzelzainis -- Did Milton read Selden? / Sharon Achinstein -- Hands on / Neil Forsyth -- Shakespeare with a difference : dismembering and remembering Titus Andronicus in Heiner Müller's and Brigitte Maria Mayer's Anatomie Titus / Pascale Aebischer -- By ferry, foot, and fate : a tour in the Hebrides / Andrew McNeillie.
|
| 588 |
|
|
|a Description based on print version record and CIP data provided by publisher.
|
| 600 |
1 |
0 |
|a Milton, John,
|d 1608-1674
|x Criticism and interpretation.
|
| 600 |
1 |
7 |
|a Milton, John,
|d 1608-1674.
|2 fast
|0 (OCoLC)fst00029106
|
| 650 |
|
0 |
|a English literature
|y Early modern, 1500-1700
|x History and criticism.
|
| 650 |
|
0 |
|a Books
|x History
|y 1450-1600.
|
| 650 |
|
0 |
|a Books
|x History
|y 17th century.
|
| 650 |
|
0 |
|a Codicology.
|
| 650 |
|
0 |
|a Manuscripts, Renaissance.
|
| 650 |
|
0 |
|a Books and reading
|x History
|y 16th century.
|
| 650 |
|
0 |
|a Books and reading
|x History
|y 17th century.
|
| 650 |
|
0 |
|a Printing
|x History
|y 16th century.
|
| 650 |
|
0 |
|a Printing
|x History
|y 17th century.
|
| 650 |
|
7 |
|a LITERARY CRITICISM / European / English, Irish, Scottish, Welsh
|2 bisacsh
|
| 650 |
|
7 |
|a Books.
|2 fast
|0 (OCoLC)fst00836401
|
| 650 |
|
7 |
|a Books and reading.
|2 fast
|0 (OCoLC)fst00836454
|
| 650 |
|
7 |
|a Codicology.
|2 fast
|0 (OCoLC)fst00866236
|
| 650 |
|
7 |
|a English literature
|x Early modern.
|2 fast
|0 (OCoLC)fst01710960
|
| 650 |
|
7 |
|a Manuscripts, Renaissance.
|2 fast
|0 (OCoLC)fst01008472
|
| 650 |
|
7 |
|a Printing.
|2 fast
|0 (OCoLC)fst01076612
|
| 648 |
|
7 |
|a 1450-1700
|2 fast
|
| 655 |
|
4 |
|a Electronic books.
|
| 655 |
|
7 |
|a Criticism, interpretation, etc.
|2 fast
|0 (OCoLC)fst01411635
|
| 655 |
|
7 |
|a History.
|2 fast
|0 (OCoLC)fst01411628
|
| 700 |
1 |
|
|a Jones, Edward,
|d 1950-
|e editor.
|
| 700 |
1 |
|
|a Campbell, Gordon,
|d 1944-
|e honouree.
|
| 776 |
0 |
8 |
|i Print version:
|t Concise companion to the study of manuscripts, printed books, and the production of early modern texts
|d Chichester, West Sussex, UK ; Malden, MA : John Wiley & Sons, Inc., 2015
|z 9781118635292
|w (DLC) 2015000045
|
| 830 |
|
0 |
|a Blackwell concise companions to literature and culture.
|
| 856 |
4 |
0 |
|u https://doi.org/10.1002/9781118635261
|z Full Text via HEAL-Link
|
| 994 |
|
|
|a 92
|b DG1
|